=LDR 00000nam 2200000 4500 =001 INLIS000000000026296 =005 20130612124739 =008 ***********************************Ind** =035 ##$$0010-061300000026296 =041 ##$$a Ind =082 ##$$a 304 =090 ##$$a 304, Kem k =245 ##$$a Kemiskinan di indonesia =260 ##$$a 1986 $b Jakarta =300 ##$$a 278 hlm, 18 cm =650 ##$$a Kemiskinan =850 ##$$a NBPNMAT